[Event "Niedersachsen-ch op C"]
[Site "Verden"]
[Date "2019.01.03"]
[Round "2"]
[White "Reisch, Julian"]
[Black "Schons, Lucca"]
[Result "1-0"]
[WhiteElo "1114"]
[BlackElo "1061"]
[PlyCount "51"]
[EventDate "2019.01.03"]
[EventType "swiss"]
[EventRounds "7"]
[EventCountry "GER"]
[SourceTitle "EXT 2022"]
[Source "ChessBase"]
[SourceDate "2021.10.06"]
[SourceVersion "1"]
[SourceVersionDate "2021.10.06"]
[SourceQuality "1"]

1. d4 d5 2. c4 dxc4 3. e3 e6 4. Bxc4 c5 5. d5 exd5 6. Bxd5 Ne7 7. Bxf7+ Kxf7 8. Qxd8 Nd7 9. Qa5 g6 10. Nf3 Rg8 11. 0-0 Kg7 12. b3 Kh8 13. Bb2+ Bg7 14. Bxg7+ Rxg7 15. Rd1 b6 16. Qa4 Nf5 17. Nbd2 Nf6 18. Qc6 Rb8 19. Qxf6 Bd7 20. Ne4 Kg8 21. Qb2 Rf8 22. Nf6+ Kh8 23. Nxd7 Rff7 24. Nde5 Re7 25. Rd8+ Rg8 26. Nf7# 1-0